000 00753cam a22002413a 4500
001 28739
003 PGUSA
005 20140828083625.0
008 090501s2009||||xxu|||||s|||||000 | eng d
040 _aPGUSA
_beng
042 _adc
050 4 _aQD
100 1 _aLiebig, Justus, Freiherr von,
_d1803-1873
245 1 0 _aFamiliar Letters on Chemistry, and Its Relation to Commerce, Physiology, and Agriculture
_h[electronic resource] /
_cJustus, Freiherr von Liebig
260 _bProject Gutenberg,
_c2009
506 _aPublic domain in the USA.
516 _aElectronic text
653 _aChemistry
700 1 _aGardner, John,
_d1804-1880
830 0 _aProject Gutenberg
_v28739
856 4 0 _uhttp://www.gutenberg.org/ebooks/28739
942 _cEB
999 _c257994
_d257994